000 00861nam a2200217 u 4500
001 000455433
003 AM-YeHGA
005 20250617133443.0
008 050930s1990 ||| r ||| 0 rus d
020 _a5746401412
040 _aAM-YeHGA
041 0 _arus
100 1 _aМиннибаев, Талгат Хазиахметович
245 1 0 _aПреобразующая журналистика :
_bПресса как субъект полит. творчества /
_cТ.Х. Миннибаев.
260 _aКазань :
_bИзд-во Казан. ун-та,
_c1990.
300 _a134 с.
504 _aБиблиогр. в примеч. с. 130-133
653 0 _aЖурналистика - Социальные функции
653 0 _aПолитическая культура в социальном обществе
090 _c166919
999 _c165495
_d165495